[Event "Spring Tournament 2018 under 2300 "]
[Site "SchemingMind.com"]
[Date "2018.03.08"]
[Round "-"]
[White "Chessibelle"]
[Black "grabapawn"]
[Result "0-1"]
[WhiteCountry "ENG"]
[BlackCountry "USA"]
[WhiteElo "1078"]
[WhiteRD "58"]
[BlackElo "1545"]
[BlackRD "52"]
[GameID "425669"]

1. e4 d6 2. Be2 Nf6 3. Nf3 Nbd7 4. O-O e5 5. c4 Be7 6. d3 Nf8 7. Nc3 c6 8. a3 h6 9. d4 Qc7 10. g3 g5
11. b4 g4 12. Be3 gxf3 13. Bxf3 h5 14. h3 Bxh3 15. Re1 Ng6 16. Kh2 Qd7 17. Ne2 Ng4+ 18. Kg1 h4 19. Kh1 hxg3 20. Nxg3 Bf1+
21. Kg1 Bh3 22. Bg2 Nxe3 23. Rxe3 Bxg2 24. Kxg2 Nf4+ 25. Kf1 Qh3+ 26. Ke1 Ng2+ 27. Ke2 Nf4+ 28. Kd2 exd4 29. Rf3 Bg5 30. Kc2 d3+
31. Kd2 O-O-O 32. Qa4 Nd5+ 33. Kxd3 Nf4+ 34. Kc3 Ne2+ 35. Kd3 Nc1+ 36. Kd4 c5+ 37. bxc5 dxc5+ 38. Kc3 Qh2 39. Qxa7 Rd3+ 40. Kb2 Rxf3
41. Qxc5+ Kb8 42. Qxg5 Qxf2+ 43. Kb1 Rb3+ 44. Kxc1 Qb2+ 45. Kd1 Qxa1+ 46. Ke2 Rh2#
0-1

[Event "Spring Tournament 2018 under 2300 "]
[Site "SchemingMind.com"]
[Date "2018.03.08"]
[Round "-"]
[White "grabapawn"]
[Black "mespina"]
[Result "0-1"]
[WhiteCountry "USA"]
[BlackCountry "ESP"]
[WhiteElo "1545"]
[WhiteRD "52"]
[BlackElo "2142"]
[BlackRD "103"]
[GameID "425670"]

1. d4 Nf6 2. Bf4 e6 3. e3 d5 4. c3 Bd6 5. Bg3 O-O 6. Nf3 b6 7. Bd3 c5 8. Nbd2 Nc6 9. Ng5 h6 10. Bh4 hxg5
11. Bxg5 e5 12. Qe2 exd4 13. e4 c4 14. Bb1 d3 15. Qe3 Re8 16. f3 Bc5 17. Qf4 dxe4 18. fxe4 Nd5 19. Qh4 f6 20. Bh6 gxh6
21. Qxh6 Bf5 22. Rf1 Bxe4 23. Nxe4 Rxe4+
0-1

[Event "Spring Tournament 2018 under 2300 "]
[Site "SchemingMind.com"]
[Date "2018.03.08"]
[Round "-"]
[White "mespina"]
[Black "grabapawn"]
[Result "1-0"]
[WhiteCountry "ESP"]
[BlackCountry "USA"]
[WhiteElo "2142"]
[WhiteRD "103"]
[BlackElo "1545"]
[BlackRD "52"]
[GameID "425671"]

1. e4 d6 2. d4 Nf6 3. Nc3 Nbd7 4. Nf3 e5 5. Bc4 Be7 6. O-O c6 7. a4 Qc7 8. Bd2 a5 9. b3 h6 10. h3 g5
11. dxe5 dxe5 12. Qe2 g4 13. hxg4 Nxg4 14. Nd1 h5 15. Ng5 Ndf6 16. Bxf7+ Kf8 17. Be6 Ra6 18. Bxc8 Qxc8 19. Qc4 Nh6 20. Ne3 c5
21. Nf5 Nd5 22. Qxd5 Bxg5 23. Bxg5 Nxf5 24. exf5 Qxf5 25. f4 Kg7 26. fxe5 Qxg5 27. Qxb7+
1-0

[Event "Spring Tournament 2018 under 2300 "]
[Site "SchemingMind.com"]
[Date "2018.03.08"]
[Round "-"]
[White "grabapawn"]
[Black "Ragged Rook"]
[Result "0-1"]
[WhiteCountry "USA"]
[BlackCountry "ENG"]
[WhiteElo "1528"]
[WhiteRD "56"]
[BlackElo "1889"]
[BlackRD "85"]
[GameID "425672"]

1. d4 g6 2. Bf4 Bg7 3. e3 d6 4. Nc3 Nd7 5. Bd3 a6 6. h4 e5 7. Bg3 exd4 8. exd4 Ndf6 9. Bc4 d5 10. Bd3 Ne7
11. Nge2 Nc6 12. f3 Qe7 13. Qd2 Nxd4 14. O-O-O Nc6 15. Nf4 Be6 16. Rde1 O-O-O 17. Qe2 Bh6 18. Kb1 Bxf4 19. Bxf4 d4 20. Na4 Nd5
21. Bg3 Qb4 22. b3 b5 23. Qf2 Rhe8 24. Nb2 Nc3+ 25. Ka1 Qa3
0-1

[Event "Spring Tournament 2018 under 2300 "]
[Site "SchemingMind.com"]
[Date "2018.03.08"]
[Round "-"]
[White "Ragged Rook"]
[Black "grabapawn"]
[Result "1-0"]
[WhiteCountry "ENG"]
[BlackCountry "USA"]
[WhiteElo "1889"]
[WhiteRD "85"]
[BlackElo "1528"]
[BlackRD "56"]
[GameID "425673"]

1. e4 d6 2. d4 Nf6 3. Bd3 Nbd7 4. Nf3 e5 5. c3 Be7 6. O-O c6 7. Re1 Qc7 8. a4 Nf8 9. Nbd2 h6 10. dxe5 dxe5
11. Nc4 Ng6 12. a5 Bg4 13. Ne3 O-O-O 14. Nxg4 Nxg4 15. Qc2 Nf4 16. Bxf4 exf4 17. e5 Bc5 18. Bf5+ Kb8 19. Bxg4 h5 20. Bf5 g6
21. Bd3 h4 22. Ng5 h3 23. e6 hxg2 24. Nf3 fxe6 25. Qe2 Rde8 26. b4 e5 27. bxc5 Qh7 28. Kxg2 Qh3+ 29. Kh1 Rh6 30. Rg1 Reh8
31. Rg2 Ka8 32. Be4 g5 33. Nxg5 Qxc3 34. Qe1 Qxc5 35. Nf7
1-0

[Event "Spring Tournament 2018 under 2300 "]
[Site "SchemingMind.com"]
[Date "2018.03.17"]
[Round "-"]
[White "grabapawn"]
[Black "Henk Miedema"]
[Result "1-0"]
[WhiteCountry "USA"]
[BlackCountry "NED"]
[WhiteElo "1545"]
[WhiteRD "52"]
[BlackElo "939"]
[BlackRD "63"]
[GameID "425983"]

1. d4 d5 2. Bf4 Nf6 3. e3 Ne4 4. c3 e6 5. Nd2 Nf6 6. Ngf3 Bd6 7. Bg3 Be7 8. Bd3 Nc6 9. Ne5 Bd7 10. h4 Bc8
11. Ndf3 O-O 12. Ng5 Nxe5 13. dxe5 Nd7 14. Bxh7+ Kh8 15. Qh5 Nc5 16. Bg6+ Kg8 17. Qh7#
1-0

[Event "Spring Tournament 2018 under 2300 "]
[Site "SchemingMind.com"]
[Date "2018.03.17"]
[Round "-"]
[White "Henk Miedema"]
[Black "grabapawn"]
[Result "0-1"]
[WhiteCountry "NED"]
[BlackCountry "USA"]
[WhiteElo "939"]
[WhiteRD "63"]
[BlackElo "1545"]
[BlackRD "52"]
[GameID "425984"]

1. d4 d6 2. e3 Nf6 3. Nc3 Nbd7 4. Nf3 e5 5. d5 Be7 6. e4 c6 7. Qe2 Qc7 8. Qc4 Nb6 9. Qd3 h6 10. Be3 c5
11. Qb5+ Bd7 12. Qd3 c4 13. O-O-O cxd3 14. cxd3 Na4 15. Bd2 b5 16. Kb1 O-O 17. Rc1 Nc5 18. g3 b4 19. Ne2 a5 20. h3 Qb6
21. Bg2 Nxd3 22. Rc2 Nxe4 23. b3 a4 24. Be3 Qa6 25. Bf1 axb3 26. Rd2 Nxd2+ 27. Nxd2 Qxa2#
0-1

[Event "Spring Tournament 2018 under 2300 "]
[Site "SchemingMind.com"]
[Date "2018.03.18"]
[Round "-"]
[White "ray winteringham"]
[Black "Henk Miedema"]
[Result "1-0"]
[WhiteCountry "ENG"]
[BlackCountry "NED"]
[WhiteElo "1569"]
[WhiteRD "50"]
[BlackElo "991"]
[BlackRD "63"]
[GameID "425987"]

1. e4 e5 2. Nf3 d6 3. d4 Nf6 4. Nc3 c6 5. h3 Be7 6. Be3 Be6 7. Be2 d5 8. Nxe5 dxe4 9. f3 O-O 10. fxe4 b6
11. O-O b5 12. a3 a6 13. Bf3 Qc7 14. Nd3 Nbd7 15. Ne2 Qd8 16. b4 Qc7 17. Bf4 Qb6 18. Kh1 c5 19. dxc5 Qa7 20. e5 Rac8
21. exf6 Bxf6 22. Rb1 a5 23. c3 a4 24. Nd4 Qa6 25. Nf2 Qa7 26. Nxb5 Qa6 27. Be2 Bb3 28. Qxd7 Qa8 29. Bf3 Qa6 30. Bb7 Rb8
31. Bxa6 Be6 32. Qd1 Bc4 33. Bxb8 Bb3 34. Bd6 Bxd1 35. Bxf8 Bc2 36. Rbc1 Bb3 37. Bd6 Bc4 38. Rce1 Bxf1 39. Re8#
1-0

[Event "Spring Tournament 2018 under 2300 "]
[Site "SchemingMind.com"]
[Date "2018.03.18"]
[Round "-"]
[White "Henk Miedema"]
[Black "ray winteringham"]
[Result "0-1"]
[WhiteCountry "NED"]
[BlackCountry "ENG"]
[WhiteElo "939"]
[WhiteRD "63"]
[BlackElo "1528"]
[BlackRD "52"]
[GameID "425988"]

1. d4 d5 2. e3 Nf6 3. Nf3 Bg4 4. Be2 e6 5. Nc3 Bb4 6. Bd2 c6 7. Nh4 Bxe2 8. Qxe2 Bxc3 9. Bxc3 Ne4 10. Bb4 Qxh4
11. O-O Nd7 12. Qd3 a5 13. Bd6 Nb6 14. Bc7 Nc4 15. Qb3 Ncd2 16. Qxb7 O-O 17. Rfe1 Qxf2+ 18. Kh1 Nc4 19. Qxc6 Nxe3 20. Rg1 Qe2
21. Bf4 Nf2#
0-1

[Event "Spring Tournament 2018 under 2300 "]
[Site "SchemingMind.com"]
[Date "2018.03.18"]
[Round "-"]
[White "fanfan_la_Tulipe"]
[Black "Henk Miedema"]
[Result "1-0"]
[WhiteCountry "AUT"]
[BlackCountry "NED"]
[WhiteElo "2025"]
[WhiteRD "90"]
[BlackElo "939"]
[BlackRD "63"]
[GameID "425989"]

1. d4 d5 2. c4 Nf6 3. cxd5 Qxd5 4. Nc3 Qd8 5. e4 e6 6. Nf3 Nc6 7. a3 Be7 8. Bc4 Na5 9. Ba2 b6 10. b4 O-O
11. bxa5 Bd6 12. e5 Ne8 13. exd6 Nxd6 14. O-O b5 15. Qd3 Ba6 16. Bb1 Qe8 17. Qxh7#
1-0

[Event "Spring Tournament 2018 under 2300 "]
[Site "SchemingMind.com"]
[Date "2018.03.18"]
[Round "-"]
[White "Henk Miedema"]
[Black "fanfan_la_Tulipe"]
[Result "0-1"]
[WhiteCountry "NED"]
[BlackCountry "AUT"]
[WhiteElo "991"]
[WhiteRD "63"]
[BlackElo "1997"]
[BlackRD "81"]
[GameID "425990"]

1. d4 Nf6 2. e3 g6 3. Nc3 d5 4. Be2 Bg7 5. Bd2 O-O 6. Bf3 c6 7. Nh3 Nbd7 8. Ng5 e5 9. Qe2 exd4 10. exd4 Re8
11. Be3 h6 12. Nh3 Nb6 13. O-O-O Nc4 14. Nf4 Qb6 15. b3 Nd6 16. Na4 Qc7 17. Kb2 Nf5 18. Nc5 b6 19. Ncd3 Ne4 20. g4 Nxd4
21. Qf1 Nxf3+ 22. Kb1 Nc3+ 23. Kc1 Nxa2+ 24. Kb1 Nc3+
0-1

[Event "Spring Tournament 2018 under 2300 "]
[Site "SchemingMind.com"]
[Date "2018.03.17"]
[Round "-"]
[White "Chessibelle"]
[Black "Henk Miedema"]
[Result "1-0"]
[WhiteCountry "ENG"]
[BlackCountry "NED"]
[WhiteElo "1078"]
[WhiteRD "58"]
[BlackElo "939"]
[BlackRD "63"]
[GameID "425991"]

1. e4 e5 2. Nf3 d6 3. d3 Nc6 4. Nc3 g6 5. Be2 Nb4 6. a3 Nc6 7. O-O Be7 8. Be3 f6 9. Nd5 Bf8 10. c4 Be7
11. g3 Bh3 12. Re1 Bf8 13. b4 Bg7 14. Qa4 Qd7 15. b5 Nge7 16. Qb3 Na5 17. Qa4 b6 18. Qb4 Nb7 19. Nh4 a5 20. Qa4 Nc5
21. Qc2 Be6 22. f4 O-O-O 23. d4 a4 24. dxc5 Qe8 25. Qxa4 dxc5 26. Qa8+ Kd7 27. Qa7 Nc6 28. Qxc7#
1-0

[Event "Spring Tournament 2018 under 2300 "]
[Site "SchemingMind.com"]
[Date "2018.03.17"]
[Round "-"]
[White "Henk Miedema"]
[Black "Chessibelle"]
[Result "1-0"]
[WhiteCountry "NED"]
[BlackCountry "ENG"]
[WhiteElo "991"]
[WhiteRD "63"]
[BlackElo "1128"]
[BlackRD "59"]
[GameID "425992"]

1. d4 d5 2. e3 Nf6 3. Nf3 e6 4. Nc3 Nc6 5. Qe2 b6 6. Bd2 Be7 7. O-O-O O-O 8. g3 g6 9. Qb5 Bb7 10. Qd3 Qd7
11. Be2 a5 12. e4 Na7 13. e5 Ng4 14. Be1 c6 15. Ng1 Nh6 16. Bd2 f6 17. Bxh6 Rfe8 18. Qe3 g5 19. h4 c5 20. hxg5 f5
21. Bh5 Red8 22. g6 Kh8 23. g7+ Kg8 24. Bg5 Rac8 25. Bh6 c4 26. Nge2 Qc6 27. Rhg1 b5 28. g4 b4 29. Nb1 Qb5 30. g5 Rd7
31. g6 Nc6 32. gxh7+ Kxh7 33. Qg3 Kg8 34. Bf4 Qa4 35. Qg6 Qxa2 36. Qf7+ Kh7 37. g8=Q#
1-0

[Event "Spring Tournament 2018 under 2300 "]
[Site "SchemingMind.com"]
[Date "2018.03.18"]
[Round "-"]
[White "mespina"]
[Black "Henk Miedema"]
[Result "1-0"]
[WhiteCountry "ESP"]
[BlackCountry "NED"]
[WhiteElo "2142"]
[WhiteRD "103"]
[BlackElo "939"]
[BlackRD "63"]
[GameID "425993"]

1. e4 e5 2. Nf3 d6 3. d4 Nf6 4. Nc3 Nc6 5. Bb5 Bd7 6. O-O Be7 7. Re1 O-O 8. Bxc6 Bxc6 9. d5 Bd7 10. Qd3 a6
11. Bd2 b6 12. a4 b5 13. axb5 a5 14. Ra3 c5 15. bxc6 Bc8 16. Nb5 a4 17. Rea1 Qc7 18. Nxc7 Ra7 19. Nb5 Bd8 20. Nxa7 Bb6
21. Nxc8 Rxc8 22. Rxa4 Ng4 23. Ra8
1-0

[Event "Spring Tournament 2018 under 2300 "]
[Site "SchemingMind.com"]
[Date "2018.03.18"]
[Round "-"]
[White "Henk Miedema"]
[Black "mespina"]
[Result "0-1"]
[WhiteCountry "NED"]
[BlackCountry "ESP"]
[WhiteElo "939"]
[WhiteRD "63"]
[BlackElo "2142"]
[BlackRD "103"]
[GameID "425994"]

1. d4 Nf6 2. e3 d5 3. Nf3 g6 4. b3 Bg7 5. c4 O-O 6. Bb2 b6 7. Nbd2 Nbd7 8. Qe2 Re8 9. Qd3 c5 10. Be2 cxd4
11. Qxd4 e5 12. Qd3 e4 13. Qc3 exf3 14. Bxf3 Nc5 15. O-O-O Nh5 16. g4 Bxc3 17. Bxc3 Nd3+ 18. Kb1 Nf6 19. Be2 Nxf2 20. Rhf1 N6xg4
21. Rde1 Rxe3 22. Bd4 Bf5+ 23. Kb2 Nd3+ 24. Kc3 Nxe1+
0-1

[Event "Spring Tournament 2018 under 2300 "]
[Site "SchemingMind.com"]
[Date "2018.03.18"]
[Round "-"]
[White "Ragged Rook"]
[Black "Henk Miedema"]
[Result "1-0"]
[WhiteCountry "ENG"]
[BlackCountry "NED"]
[WhiteElo "1866"]
[WhiteRD "89"]
[BlackElo "939"]
[BlackRD "63"]
[GameID "425995"]

1. e4 e5 2. Nf3 d6 3. d4 f6 4. Bc4 Qe7 5. O-O Nh6 6. Nc3 Nc6 7. Nd5 Qd7 8. Bxh6 Qg4 9. Qd2 Be6 10. Nxc7+ Kd7
11. Bxe6+ Kxc7 12. Bxg4 Rg8 13. Be6 Rh8 14. Be3 Nd8 15. Qc3+ Nc6 16. d5 Kd8 17. dxc6 Kc7 18. cxb7+ Kxb7 19. Bd5+
1-0

[Event "Spring Tournament 2018 under 2300 "]
[Site "SchemingMind.com"]
[Date "2018.03.18"]
[Round "-"]
[White "Henk Miedema"]
[Black "Ragged Rook"]
[Result "0-1"]
[WhiteCountry "NED"]
[BlackCountry "ENG"]
[WhiteElo "991"]
[WhiteRD "63"]
[BlackElo "1889"]
[BlackRD "85"]
[GameID "425996"]

1. d4 d5 2. e3 c5 3. c3 e6 4. Bb5+ Nc6 5. Bd3 e5 6. Na3 Nf6 7. Bd2 cxd4 8. cxd4 e4 9. Be2 a6 10. Qc2 Bd6
11. O-O-O Bd7 12. f3 Rc8 13. Be1 Nxd4 14. Rxd4 Rxc2+ 15. Nxc2 Bc5 16. Rd1 Qc8 17. f4 Bxe3+ 18. Bd2 Bxd2+ 19. Rxd2 O-O 20. Bd1 e3
21. Re2 d4 22. Kb1 d3 23. Re1 Bf5 24. Nxe3 d2+ 25. Nxf5 Qc1#
0-1

[Event "Spring Tournament 2018 under 2300 "]
[Site "SchemingMind.com"]
[Date "2018.03.22"]
[Round "-"]
[White "grabapawn"]
[Black "Stephen Woodhouse"]
[Result "0-1"]
[WhiteCountry "USA"]
[BlackCountry "ENG"]
[WhiteElo "1545"]
[WhiteRD "52"]
[BlackElo "1852"]
[BlackRD "65"]
[GameID "426151"]

1. d4 e6 2. Bf4 f5 3. Nf3 Nf6 4. e3 Be7 5. h4 b6 6. Nbd2 Bb7 7. Bd3 O-O 8. Ng5 h6 9. e4 fxe4 10. Ndxe4 Nxe4
11. Bxe4 Bxe4 12. f3 Rxf4 13. fxe4 Bxg5 14. g3 Rxe4+ 15. Kf1 Be3 16. Kg2 Qf6 17. Rf1 Qxd4 18. c3 Qxd1 19. Raxd1 d5 20. Rd3 Bc5
21. Rdf3 Nc6 22. Rf7 Bd6 23. Rd7 Ne5 24. Rxd6 cxd6
0-1

[Event "Spring Tournament 2018 under 2300 "]
[Site "SchemingMind.com"]
[Date "2018.03.23"]
[Round "-"]
[White "ray winteringham"]
[Black "Stephen Woodhouse"]
[Result "0-1"]
[WhiteCountry "ENG"]
[BlackCountry "ENG"]
[WhiteElo "1528"]
[WhiteRD "52"]
[BlackElo "1852"]
[BlackRD "65"]
[GameID "426155"]

1. e4 e6 2. d4 d5 3. e5 c5 4. Be3 cxd4 5. Bxd4 Nc6 6. c3 Nge7 7. Be2 Nf5 8. Nf3 Nh4 9. Nbd2 Nxg2+ 10. Kf1 Nf4
11. Rg1 Nxd4 12. cxd4 Qb6 13. b3 Bd7 14. Rg4 Nxe2 15. Qxe2 Bb5
0-1

[Event "Spring Tournament 2018 under 2300 "]
[Site "SchemingMind.com"]
[Date "2018.03.23"]
[Round "-"]
[White "Stephen Woodhouse"]
[Black "ray winteringham"]
[Result "1-0"]
[WhiteCountry "ENG"]
[BlackCountry "ENG"]
[WhiteElo "1852"]
[WhiteRD "65"]
[BlackElo "1528"]
[BlackRD "52"]
[GameID "426156"]

1. e4 e5 2. Nf3 Nc6 3. d4 exd4 4. Nxd4 Qh4 5. Nc3 Bb4 6. Be2 Qxe4 7. Nb5 Bxc3+ 8. bxc3 Nf6 9. Nxc7+ Kd8 10. Nxa8 Qe5
11. O-O Qb8 12. Nb6 axb6 13. Be3 Qc7 14. Rb1 d6 15. Bxb6
1-0

[Event "Spring Tournament 2018 under 2300 "]
[Site "SchemingMind.com"]
[Date "2018.03.24"]
[Round "-"]
[White "fanfan_la_Tulipe"]
[Black "Stephen Woodhouse"]
[Result "1-0"]
[WhiteCountry "AUT"]
[BlackCountry "ENG"]
[WhiteElo "1997"]
[WhiteRD "81"]
[BlackElo "1879"]
[BlackRD "61"]
[GameID "426157"]

1. d4 e6 2. c4 f5 3. g3 Nf6 4. Bg2 Be7 5. Nc3 O-O 6. Nh3 d6 7. O-O e5 8. dxe5 dxe5 9. Qb3 c6 10. Rd1 Qc7
11. Bg5 Be6 12. Bxf6 Bxf6 13. e4 Nd7 14. exf5 Bxf5 15. Ne4 Bxe4 16. Bxe4 Nc5 17. Qc2 Nxe4 18. Qxe4 Rad8 19. Kg2 Rd4 20. Rxd4 exd4
21. Nf4 Qe5 22. Qxe5 Bxe5 23. Nd3 Bd6 24. c5 Be7 25. Re1 Bf6 26. f4 Kf7 27. Kf3 Rd8 28. g4 Rd5 29. g5 Be7 30. b4 Bd8
31. h4 g6 32. Re5 Rd7 33. f5 gxf5 34. Rxf5+ Kg7 35. Ke4 Kg6 36. Ne5+
1-0

[Event "Spring Tournament 2018 under 2300 "]
[Site "SchemingMind.com"]
[Date "2018.03.24"]
[Round "-"]
[White "Stephen Woodhouse"]
[Black "fanfan_la_Tulipe"]
[Result "0-1"]
[WhiteCountry "ENG"]
[BlackCountry "AUT"]
[WhiteElo "1854"]
[WhiteRD "63"]
[BlackElo "2014"]
[BlackRD "79"]
[GameID "426158"]

1. e4 e5 2. Nf3 Nc6 3. d4 exd4 4. Nxd4 Nf6 5. Nc3 Bb4 6. Nxc6 bxc6 7. Bd3 d5 8. exd5 cxd5 9. O-O O-O 10. Bg5 c6
11. Qf3 Bd6 12. Rae1 Rb8 13. Nd1 h6 14. Bf4 Bg4 15. Qg3 Bxf4 16. Qxf4 Bxd1 17. Rxd1 Rxb2 18. a4 c5 19. Qe5 Rb4 20. Ra1 Re8
21. Qg3 Ne4 22. Bxe4 Rexe4 23. f3 Re2 24. Rf2 Qe7 25. Rxe2 Qxe2 26. Qf2 Qxf2+ 27. Kxf2 Rc4 28. Ra2 Kf8 29. Ke3 Ke7 30. Kd3 Kd6
31. c3 Rf4 32. Ke3 Rf6 33. Rb2 Re6+ 34. Kd3 Kc6 35. Rb5 a6 36. Rb8 Kc7 37. Rg8 g6 38. g4 g5 39. Rf8 Rf6 40. Ke3 Kd6
41. Ra8 Ke5 42. Re8+ Re6 43. Rf8 d4+ 44. cxd4+ cxd4+ 45. Kd3 Rf6 46. Ke2 d3+ 47. Kxd3 Rxf3+ 48. Ke2 Rf4 49. h3 Kf6 50. a5 Ra4
51. Rh8 Kg7 52. Ra8 Rxa5 53. Kf3 Ra3+ 54. Kg2 a5 55. Ra6 a4 56. Kh2 Ra1 57. Kg2 a3 58. Kh2 a2 59. Kg2 Kf8 60. Ra7 Ke8
61. Kh2 Kd8 62. Kg2 Kc8 63. Kh2 Kb8 64. Ra3 Kb7 65. Kg2 Kb6 66. Kh2 Kb5 67. Kg2 Kb4 68. Ra8 Kb3 69. Rb8+ Kc4 70. Rc8+ Kd4
71. Rd8+ Ke4 72. Re8+ Kd5 73. Ra8 Ke6 74. Ra6+ Ke7 75. Ra7+ Kf6 76. Ra6+ Kg7 77. Ra7 Kg6 78. Ra6+ f6 79. Kh2 h5 80. Kg2 hxg4
81. hxg4 Kg7 82. Ra7+ Kh6 83. Ra6 Kg6 84. Kh2 Kf7 85. Ra7+ Ke6 86. Kg2 Kd5 87. Ra5+ Kc4 88. Ra8 Kc3 89. Rc8+ Kd3 90. Ra8 Rc1
91. Ra3+ Rc3 92. Ra8 Rc2+ 93. Kf3 Kc3 94. Ke4 Kb2 95. Rb8+ Kc1 96. Ra8 Kb1 97. Kf5 Rf2+
0-1

[Event "Spring Tournament 2018 under 2300 "]
[Site "SchemingMind.com"]
[Date "2018.03.23"]
[Round "-"]
[White "Chessibelle"]
[Black "Stephen Woodhouse"]
[Result "0-1"]
[WhiteCountry "ENG"]
[BlackCountry "ENG"]
[WhiteElo "1078"]
[WhiteRD "58"]
[BlackElo "1852"]
[BlackRD "65"]
[GameID "426159"]

1. e4 e6 2. d3 d5 3. Nf3 dxe4 4. Ne5 Nf6 5. Nc3 Qd4 6. Nc4 exd3 7. Bxd3 Bb4 8. Bd2 O-O 9. O-O a6 10. a3 Be7
11. Ne2 Qd8 12. Be3 Nbd7 13. h3 Nd5 14. Bd4 Bf6 15. Be3 Nxe3 16. fxe3 Ne5 17. Nxe5 Bxe5 18. Rb1 Qg5 19. Qd2 b5 20. g4 h5
21. Kf2 hxg4 22. Rg1 Qh4+ 23. Kf1 Qxh3+ 24. Rg2 Bb7 25. e4 f5 26. Nc3 fxe4+ 27. Ke1 Qh1+ 28. Bf1 Qxf1#
0-1

[Event "Spring Tournament 2018 under 2300 "]
[Site "SchemingMind.com"]
[Date "2018.03.22"]
[Round "-"]
[White "Stephen Woodhouse"]
[Black "Chessibelle"]
[Result "1-0"]
[WhiteCountry "ENG"]
[BlackCountry "ENG"]
[WhiteElo "1852"]
[WhiteRD "65"]
[BlackElo "1078"]
[BlackRD "58"]
[GameID "426160"]

1. e4 e5 2. Nf3 Nc6 3. d4 d5 4. exd5 Qxd5 5. Nc3 Qd8 6. d5 Nb4 7. a3 Na6 8. Bb5+ Bd7 9. Bxd7+ Qxd7 10. Nxe5 Qd8
11. O-O Nf6 12. Qf3 Be7 13. Ne4 O-O 14. c4 c6 15. dxc6 Qc7 16. cxb7 Rab8 17. Nxf6+ Bxf6 18. Ng4 Bd8 19. Bf4 Qxc4 20. Bxb8 Nxb8
21. Rac1 Qb5 22. Rc8 Na6 23. Rd1 Nc5 24. b8=Q Qc4 25. Rcxd8 Ne6 26. Rxf8+ Nxf8 27. Qfa8
1-0

[Event "Spring Tournament 2018 under 2300 "]
[Site "SchemingMind.com"]
[Date "2018.03.23"]
[Round "-"]
[White "mespina"]
[Black "Stephen Woodhouse"]
[Result "1-0"]
[WhiteCountry "ESP"]
[BlackCountry "ENG"]
[WhiteElo "2142"]
[WhiteRD "103"]
[BlackElo "1852"]
[BlackRD "65"]
[GameID "426161"]

1. e4 e6 2. d4 d5 3. Nc3 Nf6 4. Bg5 Be7 5. e5 Nfd7 6. h4 Bxg5 7. hxg5 Qxg5 8. Nh3 Qe7 9. Nf4 Nc6 10. Bd3 Qg5
11. Nce2 Nxd4 12. Rh5 Qg4 13. f3 Nxf3+ 14. gxf3 Qxf3 15. Qd2 g6 16. Rh3 Qg4 17. O-O-O Nxe5 18. Rg1 Nxd3+ 19. Qxd3 Qf5 20. Qc3 e5
21. Nxd5 Qxh3 22. Qxe5+ Be6 23. Nxc7+ Ke7 24. Nd5+ Ke8 25. Qxh8+ Kd7 26. Qxa8 Bxd5 27. Rd1 Qe3+ 28. Kb1 Qxe2 29. Qxb7+
1-0

[Event "Spring Tournament 2018 under 2300 "]
[Site "SchemingMind.com"]
[Date "2018.03.22"]
[Round "-"]
[White "Stephen Woodhouse"]
[Black "mespina"]
[Result "0-1"]
[WhiteCountry "ENG"]
[BlackCountry "ESP"]
[WhiteElo "1879"]
[WhiteRD "61"]
[BlackElo "2116"]
[BlackRD "88"]
[GameID "426162"]

1. e4 c5 2. c3 Nf6 3. e5 Nd5 4. d4 Nc6 5. Nf3 cxd4 6. cxd4 d6 7. Bc4 Nb6 8. Bb5 e6 9. O-O Be7 10. Nc3 O-O
11. Qe2 a6 12. Bd3 Nb4 13. Bb1 Bd7 14. a3 N4d5 15. Qe4 g6 16. exd6 Bxd6 17. Ne5 Nxc3 18. bxc3 Qc7 19. Bh6 Rfe8 20. Qf4 f5
21. h4 Nd5 22. Qg3 Bxe5 23. dxe5 Qxc3 24. Bd3 Bb5 25. Rfd1 f4 26. Qf3 Bxd3 27. Qxd3 Qxe5 28. Re1 Qh5 29. Bg5 h6 30. Re5 hxg5
31. Rxg5 Qh7 32. Rxg6+ Kf7 33. Rf6+ Nxf6
0-1

[Event "Spring Tournament 2018 under 2300 "]
[Site "SchemingMind.com"]
[Date "2018.03.24"]
[Round "-"]
[White "Stephen Woodhouse"]
[Black "Ragged Rook"]
[Result "0-1"]
[WhiteCountry "ENG"]
[BlackCountry "ENG"]
[WhiteElo "1854"]
[WhiteRD "63"]
[BlackElo "1875"]
[BlackRD "85"]
[GameID "426163"]

1. e4 g6 2. d4 Bg7 3. Nc3 d6 4. f4 e6 5. Nf3 Ne7 6. Bd3 Nd7 7. O-O a6 8. Be3 b6 9. e5 Bb7 10. Be4 Bxe4
11. Nxe4 d5 12. Nf2 Nf5 13. Qd2 c5 14. c3 c4 15. g4 Nxe3 16. Qxe3 h5 17. h3 hxg4 18. hxg4 Qe7 19. Kg2 O-O-O 20. Rh1 b5
21. Rxh8 Rxh8 22. Rh1 Rxh1 23. Nxh1 a5 24. Ng3 Nb8 25. f5 Bf8 26. Qg5 Nc6 27. Ne2 Qxg5 28. Nxg5 gxf5 29. gxf5 Nd8 30. Kg3 b4
31. Kg4 b3 32. a4 Ba3 33. Nf3 Bxb2 34. Nd2 Kd7 35. Nb1 Nc6 36. Nf4 Nxd4 37. cxd4 Bxd4 38. fxe6+ fxe6 39. Ne2 Bxe5 40. Kf3 Kc6
41. Nf4 Bxf4 42. Kxf4 d4 43. Ke4 Kc5 44. Nd2 Kb4 45. Kxd4 c3
0-1

[Event "Spring Tournament 2018 under 2300 "]
[Site "SchemingMind.com"]
[Date "2018.03.24"]
[Round "-"]
[White "Ragged Rook"]
[Black "Stephen Woodhouse"]
[Result "0-1"]
[WhiteCountry "ENG"]
[BlackCountry "ENG"]
[WhiteElo "1889"]
[WhiteRD "85"]
[BlackElo "1879"]
[BlackRD "61"]
[GameID "426164"]

1. e4 e6 2. d4 d5 3. e5 c5 4. c3 Nc6 5. Nf3 Bd7 6. Be2 Nge7 7. Na3 cxd4 8. cxd4 Nf5 9. Nc2 Be7 10. g4 Nh4
11. Nxh4 Bxh4 12. O-O O-O 13. f4 f6 14. Bd3 fxe5 15. dxe5 Qb6+ 16. Kh1 Be7 17. Rg1 Rac8 18. a3 Na5 19. b4 Nb3 20. Be3 d4
21. Bxd4 Bc6+ 22. Rg2 Nxd4
0-1

[Event "Spring Tournament 2018 under 2300 "]
[Site "SchemingMind.com"]
[Date "2018.03.23"]
[Round "-"]
[White "Stephen Woodhouse"]
[Black "Henk Miedema"]
[Result "1-0"]
[WhiteCountry "ENG"]
[BlackCountry "NED"]
[WhiteElo "1879"]
[WhiteRD "61"]
[BlackElo "991"]
[BlackRD "63"]
[GameID "426165"]

1. e4 e5 2. Nf3 d6 3. d4 Nf6 4. Nc3 Nc6 5. Bb5 Bd7 6. O-O a6 7. Bxc6 Bxc6 8. dxe5 Be7 9. exf6 Bxf6 10. Nd5 Bb5
11. Re1 O-O 12. Nxf6+ Qxf6 13. Qd4 Qg6 14. c4 Bd7 15. Kh1 Bg4 16. Ng1 c5 17. Qd3 Be6 18. Ne2 b5 19. Nf4 Rab8= 20. Nxg6 Rbd8
21. Nxf8 Rxf8 22. Qxd6 Re8 23. Qg3 Bxc4 24. Bh6 g6= 25. Qg5 b4 26. Qf6 a5 27. Qg7#
1-0

[Event "Spring Tournament 2018 under 2300 "]
[Site "SchemingMind.com"]
[Date "2018.03.23"]
[Round "-"]
[White "Henk Miedema"]
[Black "Stephen Woodhouse"]
[Result "0-1"]
[WhiteCountry "NED"]
[BlackCountry "ENG"]
[WhiteElo "991"]
[WhiteRD "63"]
[BlackElo "1879"]
[BlackRD "61"]
[GameID "426166"]

1. d4 e6 2. Nf3 f5 3. e3 Nf6 4. Qe2 Be7 5. c4 O-O 6. Bd2 b6 7. Qd3 Bb7 8. Nc3 Ne4 9. Qe2 d6 10. Qd3 Nd7
11. O-O-O Ndf6 12. g3 Nxd2 13. Rxd2 Bxf3 14. Rg1 Ne4 15. h4 Nxd2 16. Kxd2 e5 17. Bh3 g6 18. Bf1 Bf6 19. Qb1 Qe7 20. c5 exd4
21. Nd5 Bxd5 22. cxb6 axb6 23. Bd3 dxe3+ 24. fxe3 Rxa2 25. Rc1 Rxb2+ 26. Kd1 Bb3+ 27. Ke1 Qxe3+
0-1